| 000 | 00963nac a22002171u 4500 | ||
|---|---|---|---|
| 008 | 110731t xxu||||| |||| 00| 0 eng d | ||
| 020 | _a01859648061 | ||
| 022 | _a978-1859648063 | ||
| 082 |
_a428.24 _bPHI |
||
| 100 |
_aPhillips, terry _926500 |
||
| 245 |
_aStarting Skills in English : _bListening & Speaking. _nPart A / _cTerry phillips |
||
| 260 |
_aLondon: _bGarnet education,2005 _c2005. |
||
| 300 |
_a2 sound discs : _bdigital, stereo. ; _c4 3/4 in. |
||
| 500 | _aAudiovisuals | ||
| 500 | _aIncludes 2 C.Ds | ||
| 650 |
_aEnglish language _vTextbooks for foreign speakers _926501 |
||
| 650 |
_aEnglish language _vProblems, exercises, etc. _xGrammar _926502 |
||
| 650 |
_aEnglish language _xstudy and teaching for foreign speakers _926503 |
||
| 942 |
_cCDR _k428.24 PHI _2ddc |
||
| 999 |
_c5030 _d5030 |
||